Disposiciones sobre obras públicas : ferrocarriles y tranvías : dictadas desde 13 de septiembre de 1923 hasta 31 de diciembre de 1926 / Recopiladas por Luis Prota y Fernández de Quesada y Pedro Bailén Lozano ferrocarriles y tranvías :
MARC
| LEADER | 00000nam a2200000Ia 4500 | ||
|---|---|---|---|
| 001 | 19252 | ||
| 008 | 160829s1927 xx 000 0 cat d | ||
| 080 | |a D-3-169 | ||
| 100 | |a Espanya. Lleis, etc. |9 23269 | ||
| 245 | |a Disposiciones sobre obras públicas : |b ferrocarriles y tranvías : |b dictadas desde 13 de septiembre de 1923 hasta 31 de diciembre de 1926 / Recopiladas por Luis Prota y Fernández de Quesada y Pedro Bailén Lozano | ||
| 260 | |a Madrid : |b Imprenta Editorial España, |c 1927 | ||
| 300 | |a 880 p. ; |c 21 cm | ||
| 590 | |a A la portada: Publicacions autorizada por R. D. de 22 de octubre de 1926 y R. O. de 30 del mismo mes y año. | ||
| 590 | |a A la coberta: Aguas - puertos. Ministerio de Fomento | ||
| 650 | |a Ferrocarrils |x Dret i legislació |x Espanya |9 43229 | ||
| 650 | |a Tramvies |x Dret i legislació |x Espanya |9 43230 | ||
| 700 | |a Prota y Fernández de Quesada, Luis |9 43231 | ||
| 700 | |a Bailén Lozano, Pedro |9 43232 | ||
| 901 | |a Arxiu | ||
| 942 | |n 1 | ||
| 952 | |0 0 |1 0 |4 0 |6 D3169 |7 1 |9 51293 |a Arxiu |b Arxiu |d 2016-12-01 |l 0 |o D-3-169 |p 19252 |r 2016-12-01 00:00:00 |w 2016-12-01 |y ARXIU | ||
| 999 | |c 55137 |d 55137 | ||